Los conquistadores

Saved in:
Bibliographic Details
Main Author: Romano, Ruggiero (Author)
Format: Book
Language:Spanish
Published: Buenos Aires Huemul 1978
Series:Temas del Hombre, 22
Subjects:
Tags: Add Tag
No Tags, Be the first to tag this record!

MARC

LEADER 00000nam a2200000 a 4500
001 UCX1654
003 CL-VaPUC
008 901009e19780000AG |||||||||||||||||spa|d
082 0 4 |a 980.01  |b ROM  |2 21 
100 0 |a Romano, Ruggiero  |e author  |9 317224 
245 1 4 |a Los conquistadores 
300 |a 207 p 
942 |c BK 
945 |d 19901009 00:00:00 
260 |a Buenos Aires  |b Huemul  |c 1978 
650 7 |a CONQUISTADORES  |2 CL-VaPUC  |9 317225 
650 7 |a DESCUBRIMIENTO Y EXPLORACIONES ESPAÑOLES  |2 CL-VaPUC  |9 255282 
651 0 |a América  |9 255182 
583 |a last modification  |c 19901009 00:00:00  |k Rodrigo Vera 
490 0 |a Temas del Hombre, 22 
999 |c 222837  |d 222835 
952 |0 0  |1 0  |4 0  |6 980_010000000000000_ROM_1978  |7 0  |8 A  |9 218085  |a BIBHIS  |b BIBHIS  |d 2019-11-15  |i 2869373  |o 980.01 ROM 1978  |p 2869373  |r 2025-01-20  |w 2019-11-15  |y BK  |k HIS